000 00383nam a2200169Ia 4500
001 22538
005 20260414150838.0
008 260414t2005||||xx |||||||||||||| ||spa||
041 _aESP
082 _a621.382
_bG59
100 _aGoldsmith, Andrea
_eAUT
245 0 _aWireless communications
_b
260 _c2005
650 _aTCA
654 _aCET
942 _cLIB
_dJUS
_fJUS
_2ddc
_n
999 _c22538
_d22538